| 000 | 00473nam a2200157 4500 | ||
|---|---|---|---|
| 001 | 138860 | ||
| 003 | ES-MaACL | ||
| 005 | 20230906195643.0 | ||
| 007 | t| | ||
| 008 | 070214s1929 cu r ||||1| spa d | ||
| 100 | 1 |
_aSantovenia, Emeterio S. _9103543 |
|
| 245 | 1 | 0 |
_aEloy Alfaro y Cuba / _cpor Emeterio S. Santovenia. |
| 260 |
_aLa Habana : _b[s. n.], _c1929 ( _fImp. El Siglo XX) |
||
| 300 |
_a208 p., 1 lám. = retr. biogr. ; _c19 x 12 cm. |
||
| 852 |
_aES-MaACL _jB-12513 |
||
| 999 |
_c138860 _d138860 |
||